Green Day - Nimrod Songs - Statistics

General Stats
  • This quiz has been taken 80 times
  • The average score is 13 of 18
Answer Stats
Listens Song % Correct
34,231,097 Nice Guys Finish Last
98%
635,818,169 Good Riddance (Time Of Your Life)
95%
69,418,826 Hitchin' A Ride
95%
19,151,619 Redundant
90%
16,195,471 The Grouch
83%
12,433,436 King For A Day
79%
5,353,550 Haushinka
76%
7,887,182 Platypus (I Hate You)
76%
7,232,209 Worry Rock
74%
6,171,591 Prosthetic Head
71%
11,442,990 Scattered
71%
5,585,153 Jinx
69%
6,795,361 Uptight
69%
6,842,521 All The Time
67%
4,632,514 Last Ride In
67%
4,582,798 Take Back
57%
6,007,437 Walking Alone
55%
5,275,053 Reject
52%
No matching quizzes found
Score Distribution
Percent of People with Each Score
Percentile by Number Answered
Your Score History
You have not taken this quiz